[Event "Premier"]
[Site "Hastings ENG"]
[Date "2007.12.28"]
[Round "1"]
[White "Heinis, V."]
[Black "Fryer, D."]
[Result "0-1"]
[WhiteElo "2202"]
[BlackElo "2065"]
[PlyCount "52"]
[EventDate "2007.12.28"]

1. d4 Nf6 2. c4 c5 3. d5 b5 4. cxb5 a6 5. e3 g6 6. Nc3 Bg7 7. Nf3 O-O 8. a4 d6
9. Ra3 Nbd7 10. h3 Bb7 11. bxa6 Bxa6 12. Bxa6 Rxa6 13. O-O Qa8 14. e4 Nb6 15.
Re1 Rc8 16. b3 Nfd7 17. Bd2 Ne5 18. Nxe5 Bxe5 19. f4 Bd4+ 20. Kh2 c4 21. Nb5
Bg7 22. a5 c3 23. axb6 Rxa3 24. b7 Qxb7 25. Nxa3 cxd2 26. Re3 Qa7 0-1